Statistics for Countries That Share These Regions 3#

Click here to take the quiz!

General Stats

  • This quiz has been taken 134 times
  • The average score is 27 of 29

Answer Stats

Shared RegionCountry% Correct
AmazonColombia
97%
SaharaMorocco
97%
SaharaAlgeria
96%
AmazonBrazil
96%
TimorEast Timor
96%
AmazonBolivia
95%
SaharaEgypt
95%
Basque France
95%
AmazonFrance
95%
AmazonPeru
95%
Basque Spain
95%
SaharaTunisia
95%
AmazonVenezuela
95%
AmazonEcuador
94%
AmazonSuriname
94%
AmazonGuyana
93%
TimorIndonesia
93%
SaharaLibya
93%
SaharaMali
93%
SaharaMauritania
93%
CaucasusRussia
93%
SaharaSudan
93%
SaharaChad
92%
SaharaNiger
90%
JutlandDenmark
88%
CaucasusGeorgia
88%
CaucasusArmenia
87%
CaucasusAzerbaijan
87%
JutlandGermany
85%

Score Distribution

Percentile by Number Answered

Percent of People with Each Score

Your Score History

You have not taken this quiz